<?xml version="1.0" encoding="UTF-8"?><?xml-stylesheet type="text/xsl" href="static/style.xsl"?><OAI-PMH xmlns="http://www.openarchives.org/OAI/2.0/" xmlns:xsi="http://www.w3.org/2001/XMLSchema-instance" xsi:schemaLocation="http://www.openarchives.org/OAI/2.0/ http://www.openarchives.org/OAI/2.0/OAI-PMH.xsd"><responseDate>2026-04-17T03:42:09Z</responseDate><request verb="GetRecord" identifier="oai:www.recercat.cat:11351/4799" metadataPrefix="marc">https://recercat.cat/oai/request</request><GetRecord><record><header><identifier>oai:recercat.cat:11351/4799</identifier><datestamp>2025-10-24T08:30:19Z</datestamp><setSpec>com_2072_378064</setSpec><setSpec>com_2072_378040</setSpec><setSpec>col_2072_378076</setSpec></header><metadata><record xmlns="http://www.loc.gov/MARC21/slim" xmlns:dcterms="http://purl.org/dc/terms/" xmlns:xsi="http://www.w3.org/2001/XMLSchema-instance" xmlns:doc="http://www.lyncode.com/xoai" xsi:schemaLocation="http://www.loc.gov/MARC21/slim http://www.loc.gov/standards/marcxml/schema/MARC21slim.xsd">
   <leader>00925njm 22002777a 4500</leader>
   <datafield ind2=" " ind1=" " tag="042">
      <subfield code="a">dc</subfield>
   </datafield>
   <datafield ind2=" " ind1=" " tag="260">
      <subfield code="c">2020-03-31T11:22:24Z</subfield>
   </datafield>
   <datafield ind2=" " ind1=" " tag="260">
      <subfield code="c">2020-03-31T11:22:24Z</subfield>
   </datafield>
   <datafield ind2=" " ind1=" " tag="260">
      <subfield code="c">2020-03-12</subfield>
   </datafield>
   <datafield ind2=" " ind1=" " tag="520">
      <subfield code="a">CAS; Risc de contagi; Coronavirus SARS-CoV-2; COVID-19; 2019-nCoV</subfield>
   </datafield>
   <datafield ind2=" " ind1=" " tag="520">
      <subfield code="a">CAS; Riesgo de contagio; Coronavirus SARS-CoV-2; COVID-19; 2019-nCoV</subfield>
   </datafield>
   <datafield ind2=" " ind1=" " tag="520">
      <subfield code="a">CAS; Risk of contagion; Coronavirus SARS-CoV-2; COVID-19; 2019-nCoV</subfield>
   </datafield>
   <datafield ind2=" " ind1=" " tag="520">
      <subfield code="a">Fullet que proporciona informació als professionals sobre les mesures que cal prendre per reduir el risc de contagi de la COVID-19 en els centres d’atenció i seguiment de les drogodependències (CAS).</subfield>
   </datafield>
   <datafield ind1="8" ind2=" " tag="024">
      <subfield code="a">http://hdl.handle.net/11351/4799</subfield>
   </datafield>
   <datafield tag="653" ind2=" " ind1=" ">
      <subfield code="a">Centres per a drogoaddictes - Mesures de seguretat</subfield>
   </datafield>
   <datafield tag="653" ind2=" " ind1=" ">
      <subfield code="a">COVID-19 (Malaltia) - Prevenció</subfield>
   </datafield>
   <datafield tag="653" ind2=" " ind1=" ">
      <subfield code="a">COVID-19 (Malaltia)</subfield>
   </datafield>
   <datafield tag="653" ind2=" " ind1=" ">
      <subfield code="a">DISEASES::Infections::Virus Diseases::RNA Virus Infections::Nidovirales Infections::Coronaviridae Infections::Coronavirus Infections</subfield>
   </datafield>
   <datafield tag="653" ind2=" " ind1=" ">
      <subfield code="a">HEALTH CARE::Health Services Administration::Organization and Administration::Security Measures</subfield>
   </datafield>
   <datafield tag="653" ind2=" " ind1=" ">
      <subfield code="a">PUBLIC HEALTH::Health Care (Public Health)::Health Services::Basic Health Services::Health Centers</subfield>
   </datafield>
   <datafield tag="653" ind2=" " ind1=" ">
      <subfield code="a">ENFERMEDADES::virosis::infecciones por virus ARN::infecciones por Nidovirales::infecciones por Coronaviridae::infecciones por Coronavirus</subfield>
   </datafield>
   <datafield tag="653" ind2=" " ind1=" ">
      <subfield code="a">ATENCIÓN DE SALUD::administración de los servicios de salud::organización y administración::medidas de seguridad</subfield>
   </datafield>
   <datafield tag="653" ind2=" " ind1=" ">
      <subfield code="a">ATENCIÓN DE SALUD::instalaciones, servicios y personal de asistencia sanitaria::centros sanitarios</subfield>
   </datafield>
   <datafield ind2="0" ind1="0" tag="245">
      <subfield code="a">Coronavirus SARS-CoV-2: recomanacions per reduir el risc de contagi de la COVID-19 per a centres d’atenció i seguiment de les drogodependències (CAS) [fullet]</subfield>
   </datafield>
</record></metadata></record></GetRecord></OAI-PMH>